Memoria sobre el estado del puerto y bahia de Santander / escrita por el ingeniero hidráulico y capitán de navío D. Simon Ferrer
Descripción Física:
32 p. ; 21 cm
Materias:
Port de Santander -- Història -- S. XIX
MARC
| LEADER | 00000nam a2200000Ia 4500 | ||
|---|---|---|---|
| 001 | 17566 | ||
| 008 | 160829s1841 xx 000 0 cat d | ||
| 080 | |a 399, exp. 1 | ||
| 100 | |a Ferrer, Simon |9 48428 | ||
| 245 | |a Memoria sobre el estado del puerto y bahia de Santander / escrita por el ingeniero hidráulico y capitán de navío D. Simon Ferrer | ||
| 260 | |a Santander : |b Imprenta de Martínez, |c 1841 | ||
| 300 | |a 32 p. ; |c 21 cm | ||
| 650 | |a Port de Santander |x Història |x S. XIX |9 48429 | ||
| 901 | |a Arxiu | ||
| 942 | |n 1 | ||
| 952 | |0 0 |1 0 |4 0 |6 399_EXP_1 |7 1 |9 54540 |a Arxiu |b Arxiu |d 2016-12-01 |l 0 |o 399, exp. 1 |p 17566 |r 2016-12-01 00:00:00 |w 2016-12-01 |y ARXIU | ||
| 999 | |c 58409 |d 58409 | ||